Chanteurs en couleur - Statistiques

Statistiques générales
  • Ce quiz a été pris 135 fois
  • Le résultat moyen est 10 sur 20
Statistiques - réponses
Par images Hint Réponse % Correct
Je te donne ; Envole-moi Jean-Jacque GOLDman
89%
I Gotta Feeling ; Pump It Black Eyed Peas
88%
Paris-Seychelles ; Coco Cäline Julien DORE
86%
La terre est ronde ; Basique ORelsan
85%
Just Give Me a Reason ; P!nk
81%
Locked out of Heaven ; When I Was Your Man BRUNo Mars
67%
On brulera ; Ma Meilleure Ennemie (avec Stromae) Pomme
66%
Californication, Can't Stop Red Hot Chili Peppers
64%
Le vent nous portera ; Un jour en Frahce Noir Desir
62%
Payphone ; Maps Maroon 5
57%
Boulevard of Broken Dreams ; American Idiot Green Day
51%
Wish You Were Here ; Another Brick in The Wall Pink Floyd
50%
APT, Toxic till the end Rosé
50%
Seven Nation Army ; Blue Orchid The White Stripes
47%
Smoke On The Water ; Highway Star Deep Purple
36%
Mignon mignon ; Le Papa Pingouin René la Taupe
27%
Lonely Boy ; Gold on the Celling The Black Keys
14%
Glorious (avec Macklemore) ; Temporary (avec Eminem) Skylar Grey
9%
Olalla ; Colder Heaven Blanco White
4%
Breakfast At Tiffany's Deep Blue Something
3%
Aucun quiz correspondant
Distribution des résultats
% des personnes avec chaque résultat
Percentile par nombre de réponses
Votre historique - résultats
Vous n’avez pas pris ce quiz